|
|
|
|
| LEADER |
00949nam a2200301 4500 |
| 001 |
DLU090091141 |
| 005 |
##20091201 |
| 040 |
# |
# |
|a DLU
|b eng
|
| 041 |
# |
# |
|a eng
|
| 044 |
# |
# |
|a us
|
| 100 |
# |
# |
|a Kronaveter, Lea.
|
| 245 |
# |
# |
|a Negotiation support for cooperative allocation of a shared water resource : Application /
|c Lea Kronaveter, Uri Shamir.
|
| 653 |
# |
# |
|a Computer aided simulation
|
| 653 |
# |
# |
|a Conflict resolution
|
| 653 |
# |
# |
|a Decision making
|
| 653 |
# |
# |
|a Decision support systems
|
| 653 |
# |
# |
|a Negotiations
|
| 700 |
# |
# |
|a Shamir, Uri.
|
| 773 |
# |
# |
|t Journal of Water Resources Planning and Management
|g Vol. 135, no. 2 (March/April 2009), p. 70-79
|
| 920 |
# |
# |
|a Phòng Tạp chí -- Trung tâm Thông tin - Thư viện Trường Đại học Đà Lạt
|
| 994 |
# |
# |
|a DLU
|
| 900 |
# |
# |
|a True
|
| 911 |
# |
# |
|a Trương Bảo Trâm Anh
|
| 925 |
# |
# |
|a G
|
| 926 |
# |
# |
|a A
|
| 927 |
# |
# |
|a BB
|
| 980 |
# |
# |
|a Thư viện Trường Đại học Đà Lạt
|